| 000 | 00691nam a2200253 c 4500 | ||
|---|---|---|---|
| 999 |
_c61412 _d61412 |
||
| 003 | BLK | ||
| 005 | 20181029154838.0 | ||
| 008 | 180408b bul|||||r ||||||| ||bul|| | ||
| 010 | _aKNG00065614000 | ||
| 040 | _aBLK | ||
| 041 | _cENG | ||
| 080 |
_aОбщ отдел _b0 _x(02) _z0(02) |
||
| 139 |
_aThe book of knowledge _bB 88 |
||
| 245 | 1 | 0 |
_aThe book of knowledge _bThe children's encyclopaedia : Vol. 1 - _nVol. 1 |
| 260 | _bGrolier | ||
| 300 | _c22 см | ||
| 380 | _a0 | ||
| 760 | 1 |
_h1 - 384 с., 22 см _tVol. 1 |
|
| 852 | _aЦб 61928 | ||
| 856 | 4 | _qpdf | |
| 856 | 4 | _qpdf | |
| 942 |
_cKNG _n0 |
||
| 944 |
_aCR _c13.06.2004 _kКети_Илиева |
||
| 944 |
_aED _c05.10.2004 |
||
| 999 | _d61412 | ||